000 00578nam a2200205Ia 4500
005 20250508150433.0
008 008 250505s9999 xx 000 0 eng d
037 _aTextual
040 _aFEDL
_beng
_cFEDL
041 _aeng
_2eng
084 _a001.422, GOU
_qFEDL
100 _aGoulden C H
_9756697
245 0 _aMethods of statistical analysis
260 _aNew York, USA
_bJohn Wiley and Sons
_c1939
300 _avii,277p.
365 _aINR
_b18
650 _aStatistical analysis
_9711709
942 _cTEXL
_h001.422, GOU
999 _c1323641
_d1323641